Länder mit genau 5 Buchstaben - Statistiken

Allgemein
  • Dieses Quiz wurde 181 mal gespielt
  • Das Durchschnittsergebnis liegt bei 8 aus 19
Antwortstatistiken
Land % Korrekt
China
83%
Japan
71%
Chile
64%
Palau
49%
Benin
47%
Haiti
46%
Nauru
44%
Tonga
44%
Ghana
42%
Polen
42%
Samoa
38%
Sudan
35%
Kenia
34%
Malta
33%
Nepal
32%
Niger
32%
Katar
29%
Gabun
26%
Kongo
24%
Keine übereinstimmenden Quizze gefunden
Verteilung der Resultate
Anzahl Personen mit jedem Resultat
Perzentil nach korrekt beantworteten Fragen
Ihre Resultats-Entwicklung
Sie haben dieses Quiz noch nicht gespielt